000 00243nam a2200109Ia 4500
008 240625s9999 xx 000 0 und d
041 _aeng
082 _a650.14 CHA
100 _aCHAUHAN GAJENDRA SINGH
245 _aSOFT SKILLS
260 _c2016
999 _c35210
_d35210